From vision to reality

Na minha lista:
Detalhes bibliográficos
Autor principal: Chomová, Katarína, 1983-
Formato: Capítulo de Livro
Idioma:inglês
Assuntos:
Tags: Adicionar Tag
Sem tags, seja o primeiro a adicionar uma tag!

MARC

LEADER 00000nla a2200000 4500
001 0195960
005 20240502083458.8
041 0 |a eng 
044 |a AT 
245 1 0 |a From vision to reality  |c Katarína Chomová 
610 2 0 |a vzdelávanie 
610 2 0 |a spolupráca cezhraničná 
610 2 0 |a technológie nové 
610 2 0 |a marketing 
610 2 0 |a inovácia 
100 1 |a Chomová, Katarína, 1983-